|
|
|
|
| LEADER |
01134nam a2200289 4500 |
| 001 |
000014535 |
| 003 |
10902 |
| 005 |
20120507140557.0 |
| 008 |
120507s1982 sd |
| 082 |
|
|
|a 895.92209
|b TH-D
|
| 100 |
0 |
|
|a Thanh Duy
|
| 245 |
|
0 |
|a Về tính dân tộc trong văn học
|c Nguyễn Khánh Toàn
|
| 260 |
|
|
|a H.
|b Khoa học xã hội
|c 1982
|
| 300 |
|
|
|a 319 tr.
|c 21cm
|
| 700 |
|
|
|a Nguyễn Khánh Toàn
|e Đề tựa
|
| OWN |
|
|
|a LSP
|
| AVA |
|
|
|a UDN50
|b LNN
|d 895.922 LA-T
|e available
|t Error 5001 Not defined in file expand_doc_bib_avail.
|f 1
|g 0
|h N
|i 0
|
| AVA |
|
|
|a UDN50
|b LSP
|d 895.92209 TH-D
|e available
|t Error 5001 Not defined in file expand_doc_bib_avail.
|f 1
|g 0
|h N
|i 0
|k 1
|
| 999 |
|
|
|a From the UDN01
|
| AVA |
|
|
|a UDN50
|b LNN
|d 895.922 LA-T
|e available
|t Error 5001 Not defined in file expand_doc_bib_avail.
|f 1
|g 0
|h N
|i 0
|
| AVA |
|
|
|a UDN50
|b LSP
|d 895.92209 TH-D
|e available
|t Error 5001 Not defined in file expand_doc_bib_avail.
|f 1
|g 0
|h N
|i 0
|k 1
|
| TYP |
|
|
|a Monograph
|
| TYP |
|
|
|a Printed language
|
| 980 |
|
|
|a Mạng thư viện Đại học Đà Nẵng
|